<?xml version="1.0" encoding="UTF-8"?><?xml-stylesheet type="text/xsl" href="static/style.xsl"?><OAI-PMH xmlns="http://www.openarchives.org/OAI/2.0/" xmlns:xsi="http://www.w3.org/2001/XMLSchema-instance" xsi:schemaLocation="http://www.openarchives.org/OAI/2.0/ http://www.openarchives.org/OAI/2.0/OAI-PMH.xsd"><responseDate>2026-04-17T14:28:18Z</responseDate><request verb="GetRecord" identifier="oai:www.recercat.cat:10256/24594" metadataPrefix="marc">https://recercat.cat/oai/request</request><GetRecord><record><header><identifier>oai:recercat.cat:10256/24594</identifier><datestamp>2024-06-18T12:23:33Z</datestamp><setSpec>com_2072_452955</setSpec><setSpec>com_2072_2054</setSpec><setSpec>col_2072_453067</setSpec></header><metadata><record xmlns="http://www.loc.gov/MARC21/slim" xmlns:dcterms="http://purl.org/dc/terms/" xmlns:xsi="http://www.w3.org/2001/XMLSchema-instance" xmlns:doc="http://www.lyncode.com/xoai" xsi:schemaLocation="http://www.loc.gov/MARC21/slim http://www.loc.gov/standards/marcxml/schema/MARC21slim.xsd">
   <leader>00925njm 22002777a 4500</leader>
   <datafield ind2=" " ind1=" " tag="042">
      <subfield code="a">dc</subfield>
   </datafield>
   <datafield ind2=" " ind1=" " tag="720">
      <subfield code="a">Fuentes Codera, Maximiliano</subfield>
      <subfield code="e">author</subfield>
   </datafield>
   <datafield ind2=" " ind1=" " tag="720">
      <subfield code="a">Rodrigo, Javier</subfield>
      <subfield code="e">author</subfield>
   </datafield>
   <datafield ind2=" " ind1=" " tag="260">
      <subfield code="c">2024-03-07</subfield>
   </datafield>
   <datafield ind2=" " ind1=" " tag="520">
      <subfield code="a">The aftermath of the victory of Fratelli d'Italia in the Italian elections of 2022, just a few months ago, represents a good moment to address the debate on the 'return' of fascism. It is worth inquiring the extent to which the political projects of the European and world populist radical right-wing are fascist, and, ultimately, what is and what remains of fascism. Even though it is possible to trace the roots of these projects in long-running processes and movements, we will focus on the years since the Great Recession of 2008. We will pay particular attention to the period between the coming to power of Donald Trump in the United States and the present day</subfield>
   </datafield>
   <datafield ind2=" " ind1=" " tag="520">
      <subfield code="a">Meses después de la victoria de Fratelli d’Italia en las elecciones legislativas italianas de 2022, parece un momento propicio para abordar el debate sobre el "retorno" del fascismo, lo cual es como preguntarse sobre qué tienen de fascista los proyectos políticos de las derechas radicales populistas europeas y mundiales y, en definitiva, qué es y qué queda del fascismo. Pese echar sus raíces en procesos y movimientos de largo recorrido, nos centraremos aquí sobre todo en el tiempo iniciado en 2008 con la Gran Recesión, con una particular atención a los últimos años, los transcurridos entre la llegada al poder de Donald Trump en Estados Unidos y nuestro presente</subfield>
   </datafield>
   <datafield ind1="8" ind2=" " tag="024">
      <subfield code="a">http://hdl.handle.net/10256/24594</subfield>
   </datafield>
   <datafield tag="653" ind2=" " ind1=" ">
      <subfield code="a">Feixisme</subfield>
   </datafield>
   <datafield tag="653" ind2=" " ind1=" ">
      <subfield code="a">Populisme</subfield>
   </datafield>
   <datafield tag="653" ind2=" " ind1=" ">
      <subfield code="a">Fascism</subfield>
   </datafield>
   <datafield tag="653" ind2=" " ind1=" ">
      <subfield code="a">Populism</subfield>
   </datafield>
   <datafield ind2="0" ind1="0" tag="245">
      <subfield code="a">Ecos del fascismo: derecha radical y populismo, de Trump a Vox</subfield>
   </datafield>
</record></metadata></record></GetRecord></OAI-PMH>